000 00469nam a2200181Ia 4500
005 20250326141641.0
008 250326s9999 xx 000 0 und d
037 _aTextbook
040 _aFMSL
_beng
_cFMSL
041 _aeng
_2eng
084 _qFMSL
100 _aMehta M
_9464381
245 0 _aMetropolitan housing market
_cMehta M; Mehta D
260 _aNew Delhi
_bNew Delhi, Sage Pub.
_c1989
300 _a208p
942 _cTB
999 _c1291316
_d1291316